000 00262nam a2200109Ia 4500
008 190216s9999||||xx |||||||||||||| ||und||
100 _aSoman. K
245 0 _aBhasha Shashthra Shabdavali
260 _bKerala Basha Inst
650 _aGeneral Science
942 _cBK
999 _c37521
_d37521